公立進学校 - Statistics

General Stats
  • This quiz has been taken 650 times
    635 since last reset
  • The average score is 74 of 221
Answer Stats
所在地 東大 京大 地帝一工 学校名 % Correct
北海道 16 23 北大97 札幌南
78%
北海道 7 4 北大117 札幌北
76%
三重 3 5 名大19
76%
北海道 1 5 北大69 札幌西
73%
東京 20 21 一橋17 西
72%
北海道 1 北大63 札幌東
71%
埼玉 46 10 東北37 県立浦和
68%
東京 63 10 一橋19 日比谷
68%
青森 2 東北23 青森
66%
秋田 12 4 東北48 秋田
66%
栃木 19 9 東北41 宇都宮
66%
千葉 19 5 東工12 県立千葉
66%
富山 6 1 北大11 富山
66%
東京 13 2 北大13 戸山
65%
宮城 1 3 東北71 仙台第一
64%
千葉 14 9 一橋15 県立船橋
64%
宮城 13 11 東北96 仙台第二
63%
福島 6 3 東北35 福島
63%
群馬 7 7 東北16 前橋
63%
神奈川 50 7 東北23 横浜翠嵐
63%
群馬 3 6 東北22 高崎
62%
岐阜 12 23 名大48 岐阜
62%
新潟 9 13 東北33 新潟
61%
長野 5 2 東北18 長野
61%
静岡 13 8 東北12 静岡
61%
埼玉 15 5 東北19 大宮
60%
大阪 13 95 阪大55 北野
60%
兵庫 5 27 阪大42 神戸
59%
青森 6 東北34 八戸
57%
山形 10 3 東北45 山形東
57%
茨城 23 3 東北38 水戸第一
57%
青森 2 2 東北37 弘前
56%
奈良 2 38 阪大45 奈良
56%
愛知 31 26 名大67 岡崎
55%
岩手 8 1 東北44 盛岡第一
54%
富山 20 7 阪大18 富山中部
54%
滋賀 2 47 阪大51 膳所
54%
熊本 15 20 九州65 熊本
54%
三重 12 16 名大35 四日市
53%
山口 2 5 九州26 山口
53%
愛知 7 18 名大77 一宮
52%
広島 2 1 九州18 広島
52%
東京 19 10 一橋22 国立
51%
神奈川 12 7 東工18 湘南
51%
香川 11 17 阪大33 高松
51%
愛知 31 39 名大54 旭丘
50%
北海道 3 2 北大41 旭川東
49%
宮城 1 東北56 仙台第三
49%
茨城 22 4 東北21 土浦第一
49%
静岡 4 4 東北9 富士
49%
大阪 4 54 阪大63 天王寺
49%
埼玉 4 5 東北12 川越
48%
新潟 1 2 東北12 長岡
48%
富山 10 5 阪大12 高岡
48%
石川 13 26 名大47 金沢泉丘
47%
静岡 11 13 名大21 浜松北
47%
奈良 2 阪大11 郡山
47%
北海道 北大32 札幌旭丘
46%
福島 5 1 東北11 磐城
46%
長野 2 4 名大11 松本深志
46%
福岡 6 9 九州82 福岡
46%
鳥取 2 2 阪大7 米子東
44%
福岡 18 19 九州99 修猷館
44%
佐賀 6 7 九州50 佐賀西
44%
群馬 2 4 東北14 太田
43%
岡山 15 8 阪大11 岡山朝日
43%
鳥取 2 4 阪大5 鳥取西
42%
長崎 3 3 九州36 長崎西
42%
愛知 1 14 名大83 刈谷
41%
京都 4 41 阪大14 京都市立堀川
41%
大阪 2 29 阪大79 茨木
41%
兵庫 5 17 阪大30 姫路西
41%
山形 東北13 山形南
39%
栃木 2 1 東北13 栃木
39%
栃木 3 1 東北9 宇都宮女子
39%
東京 2 5 東工8 立川
39%
鹿児島 10 12 九州51 鶴丸
39%
宮城 3 2 東北31 仙台二華
38%
福島 4 3 東北24 安積
38%
埼玉 3 4 東北23 春日部
38%
三重 1 3 名大12 伊勢
37%
兵庫 8 26 阪大46 長田
37%
兵庫 1 17 阪大24 加古川東
37%
島根 2 5 阪大3 松江北
37%
愛媛 5 10 阪大17 松山東
37%
福岡 3 3 九州53 小倉
37%
宮崎 7 7 九州28 宮崎西
37%
福井 14 14 阪大27 藤島
36%
島根 1 九州11 出雲
36%
香川 5 6 阪大9 丸亀
36%
福岡 1 九州20 春日
36%
大分 12 8 九州72 大分上野丘
36%
熊本 2 4 阪大9 済々黌
36%
東京 3 1 東工9 八王子東
35%
石川 3 3 阪大14 小松
35%
長野 3 2 東北12 上田
35%
兵庫 1 5 阪大33 兵庫
35%
長崎 3 1 九州18 長崎東
35%
東京 6 2 一橋14 青山
34%
岩手 1 東北10 盛岡第三
33%
千葉 3 7 東工9 東葛飾
33%
岐阜 1 4 名大29 大垣北
33%
静岡 4 5 名大12 浜松西
33%
滋賀 1 12 阪大13 彦根東
33%
大阪 1 10 阪大34 豊中
32%
北海道 1 2 北大27 帯広柏葉
31%
愛知 5 14 名大33 時習館
31%
京都 20 阪大26 嵯峨野
31%
京都 1 22 阪大10 洛北
31%
埼玉 4 1 東北9 さいたま市立浦和
30%
愛知 10 25 名大61 明和
30%
大阪 3 阪大16 岸和田
30%
長崎 2 九州14 佐世保北
30%
秋田 1 東北12 横手
29%
新潟 2 東北8 高田
29%
静岡 7 4 阪大8 沼津東
29%
大阪 2 21 阪大56 三国丘
29%
群馬 3 2 東北9 前橋女子
28%
埼玉 6 3 東北9 浦和第一女子
28%
岐阜 2 1 名大21 岐阜北
28%
京都 1 39 阪大24 京都市立西京
28%
山口 1 2 九州17 宇部
28%
北海道 北大13 釧路湖陵
27%
千葉 5 3 東北10 千葉東
27%
神奈川 4 4 東工7 厚木
27%
愛知 3 6 名大44 名古屋市立向陽
27%
大阪 1 22 阪大47 大手前
27%
長崎 4 1 九州32 諫早
27%
宮崎 2 九州14 延岡
27%
大阪 10 阪大36 四條畷
26%
広島 1 14 九州24 広島市立基町
26%
山口 2 3 九州14 下関西
26%
佐賀 九州13 鳥栖
26%
兵庫 6 阪大8 小野
25%
奈良 6 阪大25 畝傍
25%
福岡 8 8 九州108 筑紫丘
25%
熊本 3 1 九州6 八代
25%
新潟 1 2 東北11 新潟南
24%
山口 1 2 九州17 徳山
24%
愛知 2 4 名大54 豊田西
23%
三重 2 名大12 桑名
23%
大阪 13 阪大17 高津
23%
和歌山 2 5 阪大13 桐蔭
23%
北海道 2 北大18 函館中部
22%
神奈川 3 北大9 柏陽
22%
石川 1 1 阪大10 金沢二水
22%
愛知 名大12 江南
22%
滋賀 11 阪大14 守山
22%
岡山 3 2 九州5 津山
22%
徳島 1 2 阪大8 城東
22%
福岡 4 8 九州46 東筑
22%
北海道 北大17 小樽潮陵
21%
岩手 東北11 一関第一
21%
栃木 3 東北7 大田原
21%
東京 9 4 一橋10 都立武蔵
21%
静岡 3 1 名大9 清水東
21%
静岡 1 名大9 掛川西
21%
愛知 名大10 横須賀
21%
宮崎 3 3 九州34 宮崎大宮
21%
鹿児島 2 1 九州18 甲南
21%
北海道 1 北大29 室蘭栄
20%
北海道 2 2 北大16 北見北斗
20%
北海道 1 北大15 苫小牧東
20%
宮城 東北21 宮城第一
20%
愛知 1 名大13 春日井
20%
福岡 1 3 九州47 明善
20%
佐賀 1 九州15 唐津東
20%
山形 1 東北9 酒田東
19%
岐阜 1 2 名大18 多治見北
19%
岐阜 2 1 名大8 斐太
19%
愛知 1 8 名大32 半田
19%
愛知 1 名大18 岡崎北
19%
岡山 5 6 阪大10 岡山操山
19%
栃木 3 2 東北8 宇都宮東
18%
福井 10 4 名大9 高志
18%
福井 1 4 阪大11 武生
18%
愛知 1 名大9 豊橋東
18%
兵庫 2 14 阪大42 西宮市立西宮
18%
大分 1 1 九州14 大分舞鶴
18%
神奈川 2 東工10 横浜市立横浜SF
18%
静岡 4 1 名大12 磐田南
17%
愛知 1 6 名大45 名古屋市立菊里
17%
大阪 4 阪大21 生野
17%
兵庫 1 4 阪大15 宝塚北
17%
静岡 3 3 北大11 韮山
16%
兵庫 2 阪大10 西宮市立西宮東
16%
福岡 1 九州42 城南
16%
長野 2 5 東北4 屋代
15%
愛知 1 1 名大28 瑞陵
15%
愛知 1 名大26 西春
15%
愛知 1 名大25 千種
15%
愛知 1 名大24 西尾
15%
岡山 1 5 阪大12 倉敷青陵
15%
北海道 北大11 北広島
14%
岐阜 2 名大15
14%
長野 1 2 名大7 諏訪清陵
13%
愛知 2 名大36 一宮西
13%
愛知 名大13 刈谷北
13%
佐賀 2 2 九州10 武雄
13%
北海道 北大17 札幌月寒
12%
北海道 北大10 岩見沢東
12%
北海道 北大14 札幌国際情報
11%
広島 3 九州9 呉三津田
11%
宮崎 2 九州13 都城泉ヶ丘
11%
愛知 名大22 五条
10%
大阪 3 阪大19 春日丘
10%
岡山 3 3 九州6 倉敷天城
10%
岡山 6 名大4 岡山芳泉
10%
岐阜 1 名大9 加納
9%
愛知 名大15 名古屋市立名東
9%
愛知 1 名大9 名古屋市立桜台
9%
大阪 阪大12 泉陽
9%
大阪 阪大11 千里
9%
兵庫 3 阪大19 尼崎稲園
9%
広島 4 九州14 広島市立舟入
9%
福岡 九州11 宗像
9%
東京 6 東工6 大泉
7%
愛知 名大10 旭野
7%
福岡 九州22 香住丘
7%
佐賀 1 2 九州11 致遠館
7%
大分 2 九州16 大分豊府
6%
No matching quizzes found
Score Distribution
Percent of People with Each Score
Percentile by Number Answered
Your Score History
You have not taken this quiz since the last reset